000 00403nam a2200157 4500
003 SEACOMEC
005 20250829121126.0
008 250829b |||||||| |||| 00| 0 eng d
020 _a978-9387572942
_c488
040 _aSEACOMEC
082 _a005.133
_bB725
100 _aBrown, Martin C.
245 _aPython: The Complete Reference
_cMartin C. Brown
260 _aNew Delhi
_bTMH
_c2018
942 _cBOOK
999 _c2492
_d2492